Sophie Higgs

Washington A


Categories

History - World History0501506997.2003
Philosophy05015099116.2002
Social Science0400408392.2512
Mythology030230109132.0001
History - European History0300307382.6703
Religion03013064105.0002
Science - Chemistry0200207086.0001
Science - Other Science032220128133.3300
History - American History0100103333.0011
Science - Biology010010104104.0000
History - Other History010110133133.0000
Other0010-50.0000

Buzzes

History - American HistoryIllinois1033
ReligionEthiopian Church1064
History - World HistoryTurkey1069
Science - Chemistrycooling1070
History - European HistoryFrançois Mitterrand1073
History - World HistoryNile River1083
Social Sciencemothers1083
History - European HistorySwitzerland1086
Social Sciencecommon law1088
History - European HistoryCatholics1089